000 00616nam a2200217Ii 4500
001 20411
003 CO-ViMGA
008 241108s9999||||xx |||||||||||||| ||und||
020 _a9788426142542
040 _aCO-ViMGA
_bspa
_erda
_cCO-ViMGA
041 0 _aspa
084 _aC BAC2ca
100 1 _aPau Joan Hernández
_951132
245 1 0 _aEl caballero impetuoso
264 1 _aBruselas, Bélgica : Editorial Juventud, 2015
300 _avolumen
336 _atext
_btxt
_2rdacontent
337 _aunmediated
_bn
_2rdamedia
338 _avolume
_bnc
_2rdacarrier
940 _aidficha_siabuc: 20066. -- ficha_no_siabuc:20411
999 _c45842
_d45842